Datum a čas kvízu
32.5
Celkem bodů
Celkový počet nahraných bodů na tomto kvízu bez doplňovacích otázek.
3.
Pořadí na kvízu
Konečné umístění týmu na tomto kvízu.
Zaznamenané odpovědi
| # | Otázka | Odpověď | Body | Výsledky |
|---|---|---|---|---|
| 1. | Jak se jmenuje stránka na česk... | Wikipedia | 1 | |
| 2. | Máte doma v lednici Power Natu... | viagru, erekci | 1 | |
| 3. | Osmaosmdesátiletý hollywoodský... | Pašerák (The Mule) | 1 | |
| 4. | Jak se nazývá inzertní platfor... | letgo | 1 | |
| 5. | Na programu ČT sport jsme mohl... | o krasobruslení | 0 | |
| 6. | Dnešní cestovatelské téma se b... | Córdoba | 1 | |
| 7. | Terminál letiště a mnoho další... | Pablo Picasso | 0 | |
| 8. | Ze hry Osvobozeného divadla Ru... | Sevilla (v Seville) | 1 | |
| 9. | Jak se jmenuje antický hrdina,... | Héraklés (též Herkules) | 1 | |
| 10. | Na obrázku vidíte radnici v př... | Juan Carlos I. | 0 |